000 00615nam a2200145Ia 4500
008 250506s9999 xx 000 0 und d
024 _a17B-057-CS, 17B-028-CS, 17B-006-CS, 17B-046-CS & 17B-054-CS
082 _a004.986072 MUH
100 _aMuhammad Yusuf Abdullah Hashmi, Osama Zain, Syeda Hiba Khalid, Faiza Shahab & Marium Hashmi
245 0 _aElectric Vehicle Software Design
260 _aKarachi:
_bUIT,
_c2017
600 _aComputer Science
650 _aBachelor of Computer Science (BS)
856 _uhttps://drive.google.com/file/d/1C-HMTj92t34JmCeZS_j-3piT17TjTZ4t/view?usp=sharing
_yClick here for PDF
999 _c28958
_d28958